000 00661nam a2200241Ia 4500
003 OSt
005 20220924125306.0
006 a|||||r|||| 00| 0
007 ta
008 220923b |||||||| |||| 00| 0 tel d
020 _c2.75
024 _a339236
037 _cTextual
040 _aARTS
_cARTS
_btel
041 _2tel
_atel
082 _aY773:1, 35K21
100 _aHarkness Albert Au.
_9198016
245 0 _aAmerica samskruthika samgraha charitra
260 _aRajahmundry
_bAddepally &coperation
_c1962
650 _aSOCIOLOGY
942 _hY773:1, 35K21
_cTEXL
_2CC
999 _c422356
_d422356